000 nam a22 a 4500
999 _c1279
_d1279
003 AKMAL
005 20170509090532.0
008 170509s1996 my | d b l000 | may d
020 _a9839118919 (kkt.) :
_cRM12.90
040 _aAKMAL
082 _a297.64 ABB
_221
090 0 0 _a297.64
_bABB
100 1 _aAbbasi, S.M. Madni
_91991
245 1 0 _aKeluarga Nabi Muhammad S.A.W /
_cS.M. Madni Abbasi terjemahan Siti Sujinah Sarnap, Al Haqir Hamizan Hussin
260 _aJohor Bahru :
_bPerniagaan Jahabersa ,
_c1996
300 _axxiii, 213ms. ;
_c22cm.
500 _aTerjemahan dari: Family of the Holy Prophet
504 _aBibliografi: ms. 210-213
650 _aMuhammad,
_cProphet,
_d-632
_xFamily
_92530
650 _aMuhammad,
_cProphet,
_dd. 632
_xFamily
_vBiography
_92531
700 0 _aSiti Sujinah Sarnap
_92532
700 0 _aAl-Haqir Hamizan Hussin
_92533
942 _2ddc
_cBOOK